Король болю (Запис № 17607)
[ простий вигляд ]
| 000 -Маркер запису | |
|---|---|
| Контрольне поле сталої довжини | 02207nam a22002537a 4500 |
| 003 - Належність контрольного номера | |
| Контрольне поле | Uzh_bibl |
| 008 - Кодовані дані | |
| Контрольне поле сталої довжини | 260501b |||||||| |||| 00| 0 ukr d |
| 020 ## - Індекс ISBN | |
| ISBN | 978-966-03-7919-0 |
| Ціна | 110.00 |
| 040 ## - Джерело каталогіз. | |
| Код мови каталог. | укр. |
| 041 ## - Код мови видання | |
| Код мови оригіналу | українська |
| Код мови тексту | українська |
| 080 ## - Індекс УДК | |
| Індекс УДК | 821(477) |
| 090 ## - Шифри | |
| Поличний індекс | 821(477) |
| Авторський знак | К 34 |
| 100 ## - Автор | |
| Автор | Коломійчук,Богдан |
| 245 ## - Назва | |
| Назва | Король болю |
| Відповідальність | худож.-оформ. В.М. Карасик |
| Фізичний носій | Текст |
| 260 ## - Вихідні дані | |
| Місце видання | Харків |
| Видавництво | Фоліо |
| Дата видання | 2017 |
| 300 ## - Фізичний опис | |
| Обсяг | 254 с. |
| Тип одиниці | В опр. |
| 520 ## - Анотація | |
| Анотація | «Король болю» - новий авантюрний роман Богдана Коломійчука. Дія твору відбувається в XVI столітті у Львові, Поморянах, Кракові та інших містах давньої Речі Посполитої. Тут знову з’являються герої, знайомі читачеві з першої книги автора «Людвисар. Ігри вельмож»: майстерний стрілець і фехтувальник Христоф, найманці Казимир та Орест, лікар Домінік Гепнер та інші.<br/><br/>В 1572 році помирає король Речі Посполитої Сігізмунд ІІ, забираючи з собою безліч таємниць. Та одну він мусить передати в надійні руки, навіть якщо доведеться домовитися з самою Смертю про ще один день життя…<br/><br/>Середньовіччя представлене в романі цікаво та захоплююче, а карколомні містичні та еротичні пригоди персонажів роблять цю книгу однією з найкращих в доробку Коломійчука. |
| 521 ## - Примітка про цільове призначення | |
| Примітка про цільове призначення | Для широкого кола читачів |
| 546 ## - Примітка про мову | |
| Примітка про мову | укр. |
| 650 ## - Тематичні рубрики | |
| Основна рубрика | Літературно - художнє видання |
| 653 ## - Ключові слова | |
| Ключові слова | Таємниці |
| -- | Містика |
| 655 ## - Термін індексування — жанр/форма | |
| Жанр/форма | Проза |
| Типове ділення | авантюр.роман |
| Хронологічне ділення | XVI ст. |
| Географічне діленння | Львів,Краків |
| 942 ## - ADDED ENTRY ELEMENTS (KOHA) | |
| Джерело класифікації чи схема поличного розташування | |
| Koha item type | Книги |
| Статус вилучення | Статус втрати/відсутності | Джерело класифікації чи схема поличного розташування | Статус пошкодження | Тип обігу (не для випозичання) | Постійне розташування | Поточне розташування | Розташування у відділі | Дата надходження | Інвентарний номер | Total Checkouts | Повний (примірниковий) шифр зберігання | Штрих-код | Date last seen | Дата, для якої чинна ціна заміни | Тип одиниці (рівень примірника) |
|---|---|---|---|---|---|---|---|---|---|---|---|---|---|---|---|
| Бібліотека-філія №3 | Бібліотека-філія №3 | Абонемент старший відділ | 01/05/2026 | 73305 | 821(477) | 4149 | 01/05/2026 | 01/05/2026 | Книги |